000
00314nam a22001337a 4500
020
_a
978-0-439-47324-8
082
_a
425
_b
TER/B
100
_a
TERBAN,MARVIN
245
_a
BUILDING YOUR VOCABULARY
260
_a
NEW DELHI
_b
SCHOLASTIC
300
_a
188
650
_a
BUILDING YOUR VOCABULARY
_z
NEW DELHI
942
_c
BK
999
_c
4059
_d
4059